Books Missing 'B' Words Quiz Stats

 Plays Quiz Updated May 15, 2018

Score 0/18 Timer 03:00
27 Plays Today
Hint Answer % Correct
Boat
97.1%
Breakfast
97.1%
Black
96.8%
Benjamin
95.2%
Blood
93.6%
Brief
92.8%
Brave
92.7%
Blondes
90.6%
Baskervilles
85.2%
Hint Answer % Correct
Badge
85%
Breaking
81.4%
Bovary
75.4%
Big
73.8%
Boleyn
73.8%
Brodie
59.9%
Beloved
55.8%
Bartholomew
31.1%
Books
13.6%

You're not logged in!

Compare scores with friends on all Sporcle quizzes.
OR
Log In

Sporcle TV

Today on Sporcle TV


Watch our educational content, quiz creation guides, and fun videos on Sporcle TV.

Show Comments

Extras

Top Quizzes Today


Score Distribution

Your Account Isn't Verified!

In order to create a playlist on Sporcle, you need to verify the email address you used during registration. Go to your Sporcle Settings to finish the process.

Report this User

Report this user for behavior that violates our Community Guidelines.

Details: